A szelíd szavú főpásztor

Elmentve itt :
Bibliográfiai részletek
Szerző: FODOR Sándor
Adatforrás:Meister
Forrásdokumentuma:A Hét. -
7 sz., 1996, 7 p.
Nyelv:magyar
Kulcsszavak:művelődéstörténet
MÁRTON Áron
LEADER 00350nab a2200133 i 4500
001 bibPRO00005990
008 060524s1996 xx hun
040 |a Sz1 
041 |a hun 
100 1 |a FODOR Sándor 
245 1 2 |a A szelíd szavú főpásztor  |c FODOR Sándor 
695 |a művelődéstörténet 
695 |a MÁRTON Áron 
773 0 |t A Hét. -  |g 7 sz., 1996, 7 p.